Sobášnosť a rozvodovosť na Slovensku bakalárska práca

Enregistré dans:
Détails bibliographiques
Auteur principal: Straňáková, Adriana
Collectivité auteur: Fakulta hospodárskej informatiky EU. Katedra štatistiky
Autres auteurs: Finková, Zuzana
Format: Livre
Langue:slovaque
Publié: Bratislava 2011
Tags: Ajouter un tag
Pas de tags, Soyez le premier à ajouter un tag!

MARC

LEADER 00000nbm a2200000 4500
001 0141283
005 20161109111747.3
041 0 |a slo 
044 |a SK 
245 1 0 |a Sobášnosť a rozvodovosť na Slovensku  |b bakalárska práca  |c Adriana Straňáková ; školiteľ: Zuzana Finková 
264 1 |a Bratislava  |c 2011 
300 |a 39 s. 
100 1 |a Straňáková, Adriana 
700 1 |a Finková, Zuzana 
710 2 |a Fakulta hospodárskej informatiky EU. Katedra štatistiky